The Guardians & Wards act / (Record no. 92155)

MARC details
000 -LEADER
fixed length control field 00593nam a22002057a 4500
005 - DATE AND TIME OF LATEST TRANSACTION
control field 20150417150610.0
010 ## - LCCN (DPL NO)
LC control number ENG-112346
020 ## - INTERNATIONAL STANDARD BOOK NUMBER
International Standard Book Number 9788171772803
Terms of availability 975.00
035 ## - SYSTEM CONTROL NUMBER
System control number EN-95878
037 ## - SOURCE OF ACQUISITION
Source of stock number/acquisition DBAD/PUB
082 ## - DEWEY DECIMAL CLASSIFICATION NUMBER
Classification number 346.54018
100 ## - MAIN ENTRY--PERSONAL NAME
Personal name Mitra, B.B.
245 ## - TITLE STATEMENT
Title The Guardians & Wards act /
Statement of responsibility, etc by B.B. Mitra
250 ## - EDITION STATEMENT
Edition statement 16th ed by M.R.Mallick
260 ## - PUBLICATION, DISTRIBUTION, ETC. (IMPRINT)
Place of publication, distribution, etc Kolkatta
Name of publisher, distributor, etc Eastern Law House
Date of publication, distribution, etc 2014
270 ## - ADDRESS
Address 54, Ganesh Chander Avenue,
City Kolkatta
Postal code 700013
300 ## - PHYSICAL DESCRIPTION
Extent 75, 671p.
Dimensions 24cm(Hb)
500 ## - GENERAL NOTE
General note Includes index
942 ## - ADDED ENTRY ELEMENTS (KOHA)
Source of classification or shelving scheme Dewey Decimal Classification
Item type English Books
Call number suffix MIT
Classification part 346.54018
Holdings
Withdrawn status Lost status Not for loan Collection code Home library Current library Date acquired Source of acquisition Cost, normal purchase price Full call number Barcode Copy number Cost, replacement price Koha item type
    Not For Loan Non-fiction D.B.Act.Division D.B.Act.Division 10/03/2015 DBAD/PUB 975.00 346.54018 MIT EN-95878 1 975.00 English Books

© Delhi Public Library
Hit Counter
free hit counter